00310nam a2200121 a 4500008004100000020001500041050002100056100001900077245003800096260002900134300001600163350000900179120416s0000 ||||||||||||||||| || u a0749401400 aHF 5549.5.C6 Bla aBland, Michael10aEffective employee communications aLondonbKogan Pagec1990 a166p. : ill a0.00